000
00355nam a2200145Ia 4500
008
231129s2004||||xx |||||||||||||| ||spa||
020
_a
968-13-3804-9
040
_b
spa
082
_a
612.6 P337L
100
_a
Pavanel Jane
245
0
_a
El libro del sexo
260
_c
2004
264
_a
Diana
942
_2
ddc
_c
BKS
999
_c
11567
_d
11567